Normal view
MARC view
- Muslim Biography
Entry Topical Term
001 - CONTROL NUMBER
- control field: 108543
003 - CONTROL NUMBER IDENTIFIER
- control field: NUST
005 - DATE AND TIME OF LATEST TRANSACTION
- control field: 20230202141759.0
008 - FIXED-LENGTH DATA ELEMENTS
- fixed length control field: 230202|| aca||aabn | a|a d
040 ## - CATALOGING SOURCE
- Original cataloging agency: NUST
- Transcribing agency: NUST
150 ## - HEADING--TOPICAL TERM
- Topical term or geographic name entry element: Muslim Biography
670 ## - SOURCE DATA FOUND
- Source citation: Work cat.: (NUST)187155: Ahmad, Jamil 27765, Hundred Great Muslims /
